Srdce ve skříni /

Hlavní autor: Komárek, Vladimír, 1928-2002
Další autoři: Špergr, František
Jazyk: Čeština
Vydáno: Praha : Nadace Lyry Pragensis, 1995
Vydání: Vyd. 1.
Edice: Lyra Pragensis (Supraphon)
Témata:
Fyzický popis: 101 s., front. : il. ; 7 x 8 cm
Knihy
Uloženo v:
LEADER 01286nam a2200313 a 4500
001 000032032
003 CZ BrMZK
005 20200121204849.0
008 010907s1995 xr f cze d
015 |a cnb000102269 
020 |a 80-7059-052-1 
040 |a BOA001  |b cze 
080 |a 75/76(437.1)"19":92 Komárek, Vladimír  |2 MRF 
080 |a 929 Komárek, Vladimír  |2 MRF 
100 1 |a Komárek, Vladimír,  |d 1928-2002  |7 jk01061431  |4 aut 
245 1 0 |a Srdce ve skříni /  |c Vladimír Komárek ; [texty Vladimíra Komárka vybral a sestavil a poznámku napsal František Špergr] 
250 |a Vyd. 1. 
260 |a Praha :  |b Nadace Lyry Pragensis,  |c 1995 
300 |a 101 s., front. :  |b il. ;  |c 7 x 8 cm 
490 1 |a Lyra Pragensis 
653 0 |a Komárek, Vladimír 1928-2002  |a čeští grafici  |a čeští malíři 
700 1 |a Špergr, František  |7 jx20080428021  |4 com 
830 0 |a Lyra Pragensis (Supraphon)  |0 s 
910 |a BOA001  |b S-1012.110  |b PK-A-0020.887 
920 |a 000053656 
964 |a Komárek  |b Vladimír  |f 1928-2002  |x myšlenky  |x úvahy 
990 |a BK 
996 6 |b 2610025155  |c S-1012.110  |l MZK  |r Sklad / do 24 hodin  |n 3  |p p.v.  |w 000032032  |u 000010  |a 1  |e BOA001  |j MZK50  |s P 
996 7 |b 3119001940  |c PK-A-0020.887  |l MZK  |r Sklad / do 1 hodiny  |n 5  |p kup  |w 000032032  |u 000020  |a 1  |e BOA001  |j MZK50  |s A